zpět

Detail výsledku týmu

Hostinec Depo, Český Krumlov

Datum a čas kvízu

24.5 Celkem bodů Celkový počet nahraných bodů na tomto kvízu bez doplňovacích otázek.
6. Pořadí na kvízu Konečné umístění týmu na tomto kvízu.

Zaznamenané odpovědi

# Otázka Odpověď Body Výsledky
1. Ve čtvrtek byl po dlouhých prů... Petr Hladík 1
2. Ruský prezident Putin uspořáda... Sauron 0
3. Ve středu se konalo historicky... Štěpán Kozub 1
4. Na internetové aukční síni eBa... mince s portrétem krále Karla III. 0
5. Čeští hokejisté na MS juniorů... 5:2 0
6. V tomto tématu budete hledat d... Dempsey a Makepeaceová 1
7. Ve světě Azeroth, jak byl před... orkové 1
8. Nedaleko hradu Točníku se nach... Žebrák 0
9. Při stavbě zdi se cihlám klade... běhouny 1
10. Předloktí je tvořeno dvěma dlo... vřetenní 1